000 00987nam a2200313 a 4500
999 _c23421
_d23421
001 vtls000608072
005 20221010112507.0
008 180327s2017 xo d 000 f slo d
020 _a9788081146565 (viaz.)
035 _aa000608072
040 _aPPPK
_bslo
_cUKB
_eAACR2
041 0 _aslo
_acze
044 _axo
_cSK
072 7 _a821.162.4-3
_xSlovenská próza
_2konspekt
080 _a821.162.4-31
_22011
080 _a821-311.6
_22011
080 _a(0:82-146)
_22011
100 1 _aWinkler, Dávid,
_d1980-
_93640
245 1 0 _aPotomok
_b[-čo skrýva minulosť plná vojny a lásky?]
_cDávid Winkler
250 _a1. vyd.
260 _aBratislava
_bMarenčin PT
_c2017
300 _a318, [1] s.
650 0 7 _avojna svetová 2., 1939-1945
_2UKBPH
_93641
655 7 _aslovenské romány
_2UKBPH
_91694
655 7 _avojnové romány
_2UKBPH
_93067
655 7 _ahistorické romány
_2UKBPH
_91688
958 _aLX